Top 15 landen met Covid-19 sterfgevallen - 4 mei - Statistieken

Algemene statistieken
  • Deze quiz is 4 keer genomen
  • De gemiddelde score is 15 van 21
Antwoordstatistieken
land % Correct
België
100%
Brazilië
100%
Canada
100%
China
100%
Duitsland
100%
Frankrijk
100%
Nederland
100%
Portugal
100%
Spanje
100%
Verenigde Staten
100%
Verenigd Koninkrijk
100%
Ierland
67%
Italië
67%
Mexico
67%
Zweden
67%
Zweden
67%
Denemarken
33%
Zwitserland
33%
Ecuador
0%
Iran
0%
Turkije
0%
Geen overeenkomende quizzen gevonden
Scoreverdeling
Procent van Mensen met Elke Score
Percentiel versus Aantal Correcte Antwoorden
Uw Scoregeschiedenis
U heeft deze quiz nog niet genomen